| 000 | 00514nam a22001697a 4500 | ||
|---|---|---|---|
| 003 | OSt | ||
| 005 | 20140310182139.0 | ||
| 008 | 130829t xxu||||| |||| 00| 0 eng d | ||
| 050 |
_aPN 4121 _b.M478 1988 |
||
| 082 |
_aHS 808.5 _bMc137 1988 |
||
| 100 |
_aMcCorkle, Suzanne _915148 |
||
| 245 |
_aInstructor's resource guide public speaking / _cSuzanne McCorkle, Michael Osborn, Suzanne Osborn. |
||
| 300 |
_a322 p. ; _c28 cm. |
||
| 650 |
_aPublic speaking _xInstructor's guide _915149 |
||
| 942 | _2lcc | ||
| 999 |
_c9818 _d9818 |
||